000 00792nam a2200205 a 4500
003 0
005 20250213100136.0
008 120718s19uu xx 00 eng d
050 _aPGS SB 110.M35
_b.Ac172 2012
100 _aAcdal, Eliza Kylle B.
245 _aThe use of mixed manure as fertilizer on okra plant (Abelmoschus esculentus) /
_cEliza Kylle B. Acdal.
260 _aLas PiƱas City, Philippines :
_bSouthville International School and Colleges,
_c2012.
300 _a25 pages :
_billustrations ;
_c28 cm.
504 _aIncludes bibliographical references.
650 _aManures
_vAgricultural use.
650 _aOrganic fertilizers
_vEffects on plant growth.
650 _aOkra
_vGrowth and fertilization.
650 _aSoil fertility
_vOrganic amendments.
942 _2lcc
_cPASS
999 _c98717
_d98717